000 00723nam a22002297a 4500
999 _c7481
_d7481
003 OSt
005 20211115124057.0
008 211115b ||||| |||| 00| 0 eng d
020 _a9780273739470
040 _cDDC
082 _a658.403 WAT 2011
100 _aWaters, Donald
_96827
245 _aQuantitative methods for business.
260 _aNew York:
_bPrentice Hall;
_c 2011.
300 _axx,603p.:
_bill;
_c26cm.
504 _aIncludes bibliographical references and index.
650 _aBusiness mathematics.
_915332
650 _aIndustrial management -- Mathematical models.
_915333
650 _a Commercial statistics.
_95297
650 _aDecision making -- Mathematical models.
_915334
942 _2ddc
_cBOOK